Мемные цитаты из интервью Олега Тинькова Юрию Дудю - Statistics

General Stats
  • This quiz has been taken 191 times
  • The average score is 3 of 11
Answer Stats
цитата слово % Correct
Сомнительно, но ____ окэй
98%
Это было не просто ______, это было п...ц как ______ смело
85%
У меня не много _______: наверное, человек сорок, даже тридцать, скорее друзей
27%
Я - великий ______ и у всех прошу прощения. Простите меня все. грешник
26%
Ну, это, конечно, ________, это ________ печально
19%
Я его знаю как хорошего человека - да, у него поганая _____ работа
19%
И я от всего своего сердца желаю тебе здоровья и ________ выжить
6%
Это не так устроено, они там в ______ где-то космосе
5%
Мы любим такие формы, форматы: оу - _______! император
3%
Они, безусловно, ошиблись: это была, скорее всего, бюрократическая просто _____ спешка
3%
Они не смотрят на ________: такое есть понимание, что кто-то что-то сказал, но это так не работает высказывания
2%
No matching quizzes found
Score Distribution
Percent of People with Each Score
Percentile by Number Answered
Your Score History
You have not taken this quiz